Statistiken für Hauptstädte Nordamerikas

Klicken Sie hier um das Quiz zu spielen!

Allgemein

  • Dieses Quiz wurde 3.687 mal gespielt
  • Das Durchschnittsergebnis liegt bei 15 aus 23

Antwortstatistiken

LänderHauptstädte% Korrekt
MexikoMexiko-Stadt
95%
Vereinigte StaatenWashington, D.C.
92%
KanadaOttawa
91%
PanamaPanama-Stadt
86%
KubaHavanna
84%
El SalvadorSan Salvador
81%
JamaikaKingston
78%
GuatemalaGuatemala-Stadt
76%
BahamasNassau
69%
HaitiPort-au-Prince
69%
Costa RicaSan Jose
69%
Dominikanische RepublikSanto Domingo
67%
Trinidad und TobagoPort of Spain
61%
NicaraguaManagua
59%
St. Vincent und die GrenadinenKingstown
57%
BelizeBelmopan
56%
BarbadosBridgetown
53%
Antigua und BarbudaSaint John's
53%
HondurasTegucigalpa
51%
DominicaRoseau
45%
GrenadaSt. George's
43%
St. Kitts und NevisBasseterre
40%
St. LuciaCastries
39%

Verteilung der Resultate

Perzentil nach korrekt beantworteten Fragen

Anzahl Personen mit jedem Resultat

Ihre Resultats-Entwicklung

Sie haben dieses Quiz noch nicht gespielt